000 00483nam a2200193 a 4500
001 3572
005 20140414132139.0
008 040128s19uu xx 00 eng d
020 _a9789810163976
050 _aTR 510
_bF66 2011
100 _aKheong, Fong Ho
245 _aMaths 3B /
_cFong Ho Kheong.
250 _a2nd
260 _bMPH,
_cc2011.
_aSingapore :
300 _a174
440 _aMy pals are here!
650 _aMathematics-
_xstudy and teaching.
999 _c115334
_d115334